Online
Catalog

El arte de escribir (Record no. 58500)

MARC details
000 -LEADER
campo de control de longitud fija 00245nam a22000977a 4500
020 ## - NÚMERO INTERNACIONAL ESTÁNDAR DEL LIBRO
Número Internacional Estándar del Libro 9789945087468
100 ## - ENTRADA PRINCIPAL--NOMBRE DE PERSONA
Nombre de persona Gómez Cerda, José
-- 8583
245 03 - MENCIÓN DEL TÍTULO
Título El arte de escribir
264 ## - PRODUCCIÓN, PUBLICACIÓN, DISTRIBUCIÓN, FABRICACIÓN Y COPYRIGHT
Producción, publicación Santo Domingo :
Nombre del de productor, editor, distribuidor, fabricante Santuario,
Fecha de producción, publicación, distribución, fabricación o copyright 2020.
300 ## - DESCRIPCIÓN - FÍSICA
Extensión Pestaña: 346 páginas :
999 ## -
-- 58500
-- 58500
Holdings
Estatus retirado Estado de pérdida Fuente del sistema de clasificación o colocación Estado de daño Restricciones de uso No para préstamo Biblioteca de origen Biblioteca actual Fecha de adquisición Fuente de adquisición Total de préstamos Código de barras Visto por última vez Tipo de ítem Koha Nota pública
    Dewey Decimal Classification   Excluido de préstamo   Biblioteca Nacional Pedro Henríquez Ureña Biblioteca Nacional Pedro Henríquez Ureña 14.03.2025 Depósito Legal   2025-2143 20.03.2025 Libro En proceso de descripción

Powered by Koha